| 000 | 01370nam0a2200337 i 4500 | ||
|---|---|---|---|
| 001 | RU\NLR\BIBL_A\010867292 | ||
| 005 | 20241114222654.0 | ||
| 010 |
_a9785901593431 _d100 экз. _9100 |
||
| 021 |
_aRU _b2015-73879 _94449 |
||
| 035 | _a(NILC)RuMoRGB-008027156 | ||
| 035 | _a(NLR Aleph) 010867292 | ||
| 090 |
_a10450784 _c10450784 |
||
| 100 | _a20151023d2015 km y0rusy50 ca | ||
| 101 | 0 | _arus | |
| 102 | _aRU | ||
| 105 | _ay|||z|||000yy | ||
| 200 | 1 |
_aСоциологический аспект практик (де-)конструирования ваххабизма как религиозной девиации _eмонография _fИ. И. Нурутдинов _gМ-во внутр. дел Рос. Федерации, Казан. юрид. ин-т |
|
| 210 |
_aКазань _cКЮИ МВД России _d2015 |
||
| 215 |
_a137 с. _d21 |
||
| 320 | _aБиблиогр.: с. 128-136 (164 назв.) и в подстроч. примеч. | ||
| 606 |
_aВаххабизм _92574112 _3RU\NLR\AUTH\661522058 |
||
| 610 | 0 | _aидеология ваххабизма | |
| 675 | _a316 | ||
| 686 | 2 | _aЭ381.3 | |
| 700 | 1 |
_aНурутдинов _bИ. И. _gИльнур Ильдусович |
|
| 801 | 0 |
_aRU _bРГБ _c20150924 _gRCR |
|
| 942 | _cBOOK | ||
| 980 | _aNBR | ||